Pink Floyd lyrics - medium - Statistics

General Stats
  • This quiz has been taken 488 times
  • The average score is 7 of 14
Answer Stats
Hint Answer % Correct
You have to be trusted by the people that you lie to Dogs
77%
The grass was greener High hopes
67%
When we grew up and went to school The happiest days of our lives
67%
By chance two seperate glances meet Echoes
62%
I know a mouse and he hasn't got a house Bike
59%
Meek and obedient you follow the leader Sheep
58%
But only if you ride the tide Breathe
56%
I've got a pair of Gohills boots Nobody home
53%
Jupiter and Saturn Oberon Miranda Astronomy Domine
52%
Goodbye cruel world it's over, walk on by Waiting for the worms
52%
And as I rise above the tree-line and the clouds Fearless
41%
There's a kid who had a big hallucination The final cut
34%
And what exactly is a joke Jugband blues
30%
Hide from your little brother's gun Remember a day
19%
No matching quizzes found
Score Distribution
Percent of People with Each Score
Percentile by Number Answered
Your Score History
You have not taken this quiz